000 00644nam a2200277Ia 4500
005 20260324135239.0
008 008 260324s9999 xx 000 0 eng d
020 _a9781003579960
037 _aEBOOK
040 _aCRL
040 _beng
040 _cCRL
041 _2eng
041 _aeng
084 _qCRL
100 _aPak Sham; D T Bishop
_91199885
245 0 _aAnalysis of Multifactorial Diseases
260 _bTaylor and Francis
260 _c2000
365 _a
365 _b385
856 _uhttp://www.taylorfrancis.com/books/9781003579960
942 _cEBOOK
999 _c1800752
_d1800752